• 首页
  • 本馆介绍
  • 公告通知
  • 最新文献
  • 馆藏检索
  • 电子资源
  • 读者导购
  • 参考咨询
  • 我的图书馆
  • 登录
  • 详细信息显示
  • 放入我的书架
  • 预约/预借图书
  • 作者相关作品
  • 分类相关作品
  • 丛书相关作品
  • 出版社相关作品

书目信息

  • 表格格式
  • 工作单格式
  • 卡片格式
题名:
徐特立文集
    
 
作者: ;湖南省长沙师范学校 编
分册:  
出版信息: 长沙   湖南人民出版社  1980
页数: 635页
开本: 21cm
丛书名:
单 册:
中图分类: Z427 , G40
科图分类:
主题词: 教育学
电子资源:
ISBN:
000 00719nam0 2200265 45
001 0180003866
005 20040428172915.9
010    @dCNY1.82
091    @a11109.155
100    @a19950510d1980 emky0chiy0121 ea
101 0  @achi
102    @aCN@b430000
105    @ay z 000zy
106    @ar
200 10 @a徐特立文集@Axu te li wen ji@f湖南省长沙师范学校编
210    @a长沙@c湖南人民出版社@d1980
215    @a635页@d21cm
600  0 @a徐特立@x文集
606 0  @a教育学
690    @aZ427@v3
690    @aG40
711 02 @a湖南省长沙师范学校@Ahu nan sheng chang sha shi fan xue xiao@4编
801  0 @aCN@b上海图书馆@c20040428
801  2 @aCN@bNLC@c20040428
905    @f1@b166590@f1@b70590@f1@b70589@dG40@e89
    
    徐特立文集/湖南省长沙师范学校编.-长沙:湖南人民出版社,1980
    635页;21cm
    
    
    ISBN :CNY1.82
    
●
相关链接 在E读中查询图书 在五车中查询图书 在当当中查询图书 在豆瓣中查询图书


正题名:徐特立文集     索取号:G40/89         预约/预借

序号 登录号 条形码 馆藏地/架位号 状态 备注
1 0070589   000285523   密集书库/ [索取号:G40/89] 在馆    
2 0070590   000285514   密集书库/ [索取号:G40/89] 在馆    
3 0166590   000284481   第四借阅区/ [索取号:G40/89] 在馆    
4 0166591   000283730   第一样本阅览室/ [索取号:G40/89] 在馆    
唐山师范学院图书馆 欢迎您!
大连网信软件有限公司© 版权所有